| 000 | 00608nam a2200205Ia 4500 | ||
|---|---|---|---|
| 003 | IN-BaIIA | ||
| 008 | 211028s9999 xx 000 0 eng d | ||
| 020 | _a3-540-42101-7 | ||
| 040 | _cIIA Library | ||
| 080 |
_a523.07 _bAST |
||
| 245 | 0 |
_aAstrobiology _bthe quest for the conditions of life _cedited by Gerda Horneck and |
|
| 260 |
_aNew York _bSpringer-Verlag _c2002 |
||
| 300 | _axv, 411p. | ||
| 650 |
_aAstrobiology _925948 |
||
| 650 |
_aExobiology _920584 |
||
| 650 |
_aLife - origin _923966 |
||
| 700 |
_aBaumstark-Khan, Christa., ed. _925949 |
||
| 700 |
_aHorneck, Gerda, ed. _925950 |
||
| 942 | _cBK | ||
| 999 |
_c14585 _d14585 |
||